000 00304nam a22001097a 4500
005 20251013094401.0
008 251013b |||||||| |||| 00| 0 eng d
040 _cPK-LaNCA
082 _a720.922
_bMAR
245 _aMarianne Burkhalter + Christian Sumi / photos by Heinrich Helfenstein ; texts
942 _cBK
999 _c66967
_d66967